The People's guide; (Record no. 52146)

MARC details
000 -LEADER
fixed length control field 01171cam a22002771 4500
001 - CONTROL NUMBER
control field rc 01001639
003 - CONTROL NUMBER IDENTIFIER
control field DLC
005 - DATE AND TIME OF LATEST TRANSACTION
control field 20260227111904.0
007 - PHYSICAL DESCRIPTION FIXED FIELD--GENERAL INFORMATION
fixed length control field cr_|||||||||||
008 - FIXED-LENGTH DATA ELEMENTS--GENERAL INFORMATION
fixed length control field 860312s1874 inu 000 0ceng
010 ## - LIBRARY OF CONGRESS CONTROL NUMBER
LC control number rc 01001639
035 ## - SYSTEM CONTROL NUMBER
System control number (OCoLC)13288077
040 ## - CATALOGING SOURCE
Original cataloging agency DLC
Transcribing agency T
Modifying agency T
-- DLC
042 ## - AUTHENTICATION CODE
Authentication code premarc
043 ## - GEOGRAPHIC AREA CODE
Geographic area code n-us-in
050 00 - LIBRARY OF CONGRESS CALL NUMBER
Classification number F532.B2
Item number P4
245 04 - TITLE STATEMENT
Title The People's guide;
Remainder of title a business, political and religious directory of Bartholomew Co., Ind., together with a collection of very important documents and statistics connected with our moral, political and scientific history; also, a Historical sketch of Bartholomew Co., and a brief history of each township.
Statement of responsibility, etc. By Cline & McHaffie.
260 ## - PUBLICATION, DISTRIBUTION, ETC.
Place of publication, distribution, etc. Indianapolis,
Name of publisher, distributor, etc. Indianapolis Printing and Publishing House,
Date of publication, distribution, etc. 1874.
300 ## - PHYSICAL DESCRIPTION
Extent 400 p.
Dimensions 23 cm.
530 ## - ADDITIONAL PHYSICAL FORM AVAILABLE NOTE
Additional physical form available note Also available in digital form on the Internet Archive Web site.
651 #0 - SUBJECT ADDED ENTRY--GEOGRAPHIC NAME
Geographic name Bartholomew County (Ind.)
General subdivision History.
651 #0 - SUBJECT ADDED ENTRY--GEOGRAPHIC NAME
Geographic name Bartholomew County (Ind.)
Form subdivision Biography.
651 #0 - SUBJECT ADDED ENTRY--GEOGRAPHIC NAME
Geographic name Bartholomew County (Ind.)
Form subdivision Directories.
710 2# - ADDED ENTRY--CORPORATE NAME
Corporate name or jurisdiction name as entry element Cline & McHaffie.
856 41 - ELECTRONIC LOCATION AND ACCESS
Uniform Resource Identifier <a href="http://hdl.loc.gov/loc.gdc/scd0001.00053046940">http://hdl.loc.gov/loc.gdc/scd0001.00053046940</a>

No items available.

Powered by Koha